| 000 | 00379nam a22001577a 4500 | ||
|---|---|---|---|
| 999 |
_c6084 _d6082 |
||
| 005 | 20210825130058.0 | ||
| 008 | 200314b xxu||||| |||| 00| 0 eng d | ||
| 020 | _a978-81-7473-295-8 | ||
| 041 | _aeng | ||
| 100 |
_aPANDA,DR. U N _96613 |
||
| 245 | _aHANDBOOK OF BIOTECHNOLOGY | ||
| 260 |
_aDELHI _bAITBS PUBLISHERS |
||
| 300 | _a154p, | ||
| 650 |
_aPHARMACY _96614 |
||
| 942 | _cBK | ||